000 00663nam a2200289Ia 4500
005 20260324121958.0
008 008 260324s9999 xx 000 0 eng d
020 _a9780203499023
037 _aEBOOK
040 _aCRL
040 _beng
040 _cCRL
041 _2eng
041 _aeng
084 _qCRL
100 _aPeggy Deamer
_9874744
245 0 _aArchitecture and Capitalism
245 0 _b1845 to the Present
260 _bTaylor and Francis
260 _c2013
365 _a
365 _b300
856 _uhttp://www.taylorfrancis.com/books/9780203499023
942 _cEBOOK
999 _c1757054
_d1757054